Normal view MARC view

Entry Termo tópico

Number of records used in: 1

001 - NÚMERO DE CONTROLE

  • campo de controle: 1579

003 - IDENTIFICADOR DO NÚMERO DE CONTROLE

  • campo de controle: OSt

005 - DATA E HORÁRIO DA ÚLTIMA TRANSAÇÃO

  • campo de controle: 20251006141737.0

008 - CAMPO DE DADOS FIXOS

  • campo de controle de tamanho fixo: 251006|| aca||babn | a|a d

040 ## - FONTE DA CATALOGAÇÃO

  • Instituição da catalogação original: OSt

150 ## - CABEÇALHO--TERMO TÓPICO (ASSUNTO)

  • Cabeçalho tópico ou nome geográfico: Culinária
  • Subdivisão geral: Charcutaria
  • Subdivisão geral: História

450 ## - REMISSIVIA VER--TERMO TÓPICO

  • Cabeçalho tópico ou nome geográfico: Salsichas

450 ## - REMISSIVIA VER--TERMO TÓPICO

  • Cabeçalho tópico ou nome geográfico: Bacon

450 ## - REMISSIVIA VER--TERMO TÓPICO

  • Cabeçalho tópico ou nome geográfico: Salames

450 ## - REMISSIVIA VER--TERMO TÓPICO

  • Cabeçalho tópico ou nome geográfico: Linguiças

450 ## - REMISSIVIA VER--TERMO TÓPICO

  • Cabeçalho tópico ou nome geográfico: Presunto

450 ## - REMISSIVIA VER--TERMO TÓPICO

  • Cabeçalho tópico ou nome geográfico: Patês

450 ## - REMISSIVIA VER--TERMO TÓPICO

  • Cabeçalho tópico ou nome geográfico: Embutidos - História